| 000 | 01626nam0a2200373 4500 | ||
|---|---|---|---|
| 001 | RU\NLR\BIBL_A\022788487 | ||
| 005 | 20260622110858.0 | ||
| 010 |
_a978-5-04-238127-0 _91500 |
||
| 035 | _a(NLR Aleph) 022788487 | ||
| 090 |
_a13733994 _c13733994 |
||
| 100 | _a20260417d2026 m y0rusy50 ca | ||
| 101 | 1 |
_arus _ckor |
|
| 102 | _aRU | ||
| 105 | _ay z 000zy | ||
| 181 | 0 |
_ai4 _bxxxe |
|
| 182 | 0 | _an | |
| 200 | 1 |
_aАнатомия криминальной психологии _e10 методов профилирования, которые позволят выявить причины насильственных преступлений _fЛи Су Чжон, Ли Ын Чжи _g[перевод с корейского А. Л. Сушицкой] |
|
| 203 |
_aТекст _bвизуальный _cнепосредственный |
||
| 210 |
_aМосква _cЭксмо, Бомбора _d2026 |
||
| 215 |
_a173, [1] c. _d22 |
||
| 225 | 1 | _aПсихология преступлений | |
| 320 | _aБиблиогр. в конце кн. | ||
| 333 | _a18+ | ||
| 606 | 1 |
_aКриминалистическая психология _jПопулярные издания _2nlr_sh1 _2nlr_sh2 _3RU\NLR\AUTH\661310081 |
|
| 606 | 1 |
_aПреступники _xИзучение личности _jПопулярные издания _2nlr_sh1 _2nlr_sh2 _3RU\NLR\AUTH\66930276 |
|
| 686 | 1 | _aХ883.3я9 | |
| 686 | 1 | _aЮ947.1я73я9 | |
| 700 | 0 | _aЛи Су Чжон | |
| 701 | 0 | _aЛи Ын Чжи | |
| 702 | 1 |
_aСушицкая _bА. Л. _4730 |
|
| 942 | _cBOOK | ||
| 980 | _aNB | ||